बारिश में दिल्ली / (Record no. 12493)

MARC details
000 -LEADER
fixed length control field 02448 a2200289 4500
008 - FIXED-LENGTH DATA ELEMENTS--GENERAL INFORMATION
fixed length control field 090326t xxu||||| |||| 00| 0 hin d
010 ## - LCCN (DPL NO)
LC control number BPPD-H173 B287261-267
020 ## - INTERNATIONAL STANDARD BOOK NUMBER
Terms of availability 125.00
International Standard Book Number 8181662091
035 ## - SYSTEM CONTROL NUMBER
System control number B-287261-267
037 ## - SOURCE OF ACQUISITION
Source of stock number/acquisition मेघा बुक्स
040 ## - CATALOGING SOURCE
Original cataloging agency dpl
Language of cataloging HN
082 ## - DEWEY DECIMAL CLASSIFICATION NUMBER
Classification number 821
100 ## - MAIN ENTRY--PERSONAL NAME
Personal name जैन,सुनीता
245 ## - TITLE STATEMENT
Title बारिश में दिल्ली /
Statement of responsibility, etc सुनीता जैन
260 ## - PUBLICATION, DISTRIBUTION, ETC. (IMPRINT)
Place of publication, distribution, etc दिल्ली
Name of publisher, distributor, etc मेधा बुक्स
Date of publication, distribution, etc 2007
270 ## - ADDRESS
Address एक्स-11, नवीन शाहदरा
City दिल्ली
Postal code 110032
300 ## - PHYSICAL DESCRIPTION
Extent 96पृ.
Dimensions 22सेमी (सजिल्द)
942 ## - ADDED ENTRY ELEMENTS (KOHA)
Institution code [OBSOLETE] dpl
Item type Hindi Books
Source of classification or shelving scheme Dewey Decimal Classification
Classification part 821
Call number suffix जैनसु
Holdings
Withdrawn status Lost status Source of classification or shelving scheme Damaged status Not for loan Collection code Home library Current library Date acquired Source of acquisition Cost, normal purchase price Total Checkouts Full call number Barcode Date last seen Copy number Cost, replacement price Koha item type Total Renewals
    Dewey Decimal Classification     Non-fiction Central Library Central Library 26/03/2009 मेघा बुक्स/3270/9.9.08/394/4.9.08/16.9.08 125.00 2 821 जैनसु B-287261 30/01/2021 1 125.00 Hindi Books  
    Dewey Decimal Classification     Non-fiction Karol Bagh Karol Bagh 26/03/2009 मेघा बुक्स/3270/9.9.08/394/4.9.08/16.9.08 125.00   821 जैनसु B-287266 26/03/2009 1 125.00 Hindi Books  
    Dewey Decimal Classification     Non-fiction Mobile Library Mobile Library 26/03/2009 मेघा बुक्स/3270/9.9.08/394/4.9.08/16.9.08 125.00   821 जैनसु B-287262 26/03/2009 2 125.00 Hindi Books  
    Dewey Decimal Classification     Non-fiction Mobile Library Mobile Library 26/03/2009 मेघा बुक्स/3270/9.9.08/394/4.9.08/16.9.08 125.00   821 जैनसु B-287263 26/03/2009 2 125.00 Hindi Books  
    Dewey Decimal Classification     Non-fiction Patel Nagar Patel Nagar 26/03/2009 मेघा बुक्स/3270/9.9.08/394/4.9.08/16.9.08 125.00 5 821 जैनसु B-287264 18/11/2023 1 125.00 Hindi Books 1
    Dewey Decimal Classification     Non-fiction Sarojini Nagar Sarojini Nagar 26/03/2009 मेघा बुक्स/3270/9.9.08/394/4.9.08/16.9.08 125.00   821 जैनसु B-287265 26/03/2009 1 125.00 Hindi Books  
    Dewey Decimal Classification     Non-fiction Shahdara Branch Shahdara Branch 26/03/2009 मेघा बुक्स/3270/9.9.08/394/4.9.08/16.9.08 125.00 3 821 जैनसु B-287267 22/06/2026 1 125.00 Hindi Books 2

© Delhi Public Library
Hit Counter
free hit counter